Riadenie krokového motora mikroprocesorom
Saved in:
| Main Author: | |
|---|---|
| Other Authors: | |
| Format: | Manuscript Book |
| Language: | Slovak |
| Published: |
2017
|
| Subjects: | |
| Online Access: | http://is.stuba.sk/zp/portal_zp.pl?podrobnosti=121202 |
| Tags: |
No Tags, Be the first to tag this record!
|
MARC
| LEADER | 00000ntm a22000003a 4500 | ||
|---|---|---|---|
| 001 | stuzp49789 | ||
| 003 | SK-STU | ||
| 005 | 20170701210233.3 | ||
| 007 | ta | ||
| 008 | 150427s2015----xo-----f-mn---000-0-slo-d | ||
| 040 | |a STU |b slo | ||
| 041 | 0 | |a slo | |
| 100 | 1 | |a Šimo, Milan |u 066000 |4 aut |U MTF Materiálovotechnologická fakulta |T MTF Ústav aplikovanej informatiky, automatizácie a mechatroniky |X 69971 |U M6000 |Y 86 |7 69971 | |
| 242 | 0 | 1 | |a Controlling of stepping motor by microcontroller |y eng |
| 245 | 1 | 0 | |a Riadenie krokového motora mikroprocesorom |
| 260 | |c 2017 | ||
| 650 | 4 | |a Krokový motor |2 slo | |
| 650 | 4 | |a Raspberry Pi |2 slo | |
| 650 | 4 | |a Regulátor |2 slo | |
| 650 | 4 | |a Ovládač |2 slo | |
| 650 | 4 | |a Controller |2 eng | |
| 650 | 4 | |a Regulator |2 eng | |
| 650 | 4 | |a Stepper motor |2 eng | |
| 650 | 4 | |a Raspberry Pi |2 eng | |
| 700 | 1 | |a Bezák, Tomáš |u 066000 |k Z1 |4 ths |U MTF Materiálovotechnologická fakulta |T MTF Ústav aplikovanej informatiky, automatizácie a mechatroniky |X 4614 |U M6000 |Y 86 |7 A000004614 | |
| 856 | 4 | |u http://is.stuba.sk/zp/portal_zp.pl?podrobnosti=121202 | |
| 996 | |c M* BP-8038 |l MMSKP |s P |a 0 |w stuzp49789_0001 | ||